Life of Tagore (Record no. 29092)

MARC details
000 -LEADER
fixed length control field 00266nam a2200109Ia 4500
082 ## - DEWEY DECIMAL CLASSIFICATION NUMBER
Classification number 929 A/Z(TAG)
Item number MUK
100 ## - MAIN ENTRY--AUTHOR NAME
Personal name Mukherji, Probhat Kumar
245 #0 - TITLE STATEMENT
Title Life of Tagore
260 ## - PUBLICATION, DISTRIBUTION, ETC. (IMPRINT)
Place of publication Delhi
Name of publisher Hind
Year of publication 1976
942 ## - ADDED ENTRY ELEMENTS (KOHA)
Koha item type Books
Holdings
Withdrawn status Lost status Damaged status Not for loan Home library Current library Date acquired Cost, normal purchase price Full call number Accession Number Koha item type
        RRII Library RRII Library 16/12/2021 8.00 929 A/Z(TAG) MUK 09682 Books